Online Catalogue and eLibrary

Towards Gender Equity/Equality (Record no. 5811)

MARC details
000 -LEADER
fixed length control field 00574nam a2200193Ia 4500
005 - DATE AND TIME OF LATEST TRANSACTION
control field 20240605013707.0
008 - FIXED-LENGTH DATA ELEMENTS--GENERAL INFORMATION
fixed length control field 240331s9999 xx 000 0 und d
020 ## - INTERNATIONAL STANDARD BOOK NUMBER
ISBN 9789221264965
082 ## - DDC Classification
Item Number - Author Mark WIC
Class No. 346
100 ## - MAIN ENTRY--PERSONAL NAME
Personal name Wicremasinghe, Maithree
245 #0 - TITLE STATEMENT
Title Towards Gender Equity/Equality
Remainder of title A Scan og Gender Sensitive Laws, Policies and Programs in Sri Lanka
Statement of responsibility, etc. Maithree, Wickramasinghe
250 ## - EDITION STATEMENT
Edition statement 1 st
260 ## - PUBLICATION, DISTRIBUTION, ETC.
Place of publication, distribution, etc. Switzerland
Name of publisher, distributor, etc. International Labor Organization
Date of publication, distribution, etc. 2012
300 ## - PHYSICAL DESCRIPTION
Extent (e.g. Volumes, Pages etc.) 368 p .,
650 ## - SUBJECT ADDED ENTRY--TOPICAL TERM
Topical term or geographic name entry element Gender
650 ## - SUBJECT ADDED ENTRY--TOPICAL TERM
Topical term or geographic name entry element Laws
650 ## - SUBJECT ADDED ENTRY--TOPICAL TERM
Topical term or geographic name entry element Policies
942 ## - Koha item type (Biblio)
Koha item type Books in Stacks (Lending)
Holdings
Lost status Damaged status Collection code Home library Current library Shelving location Date acquired Full call number Accession Number Item type
    Lending WERC Library WERC Library Social Science Cupboard 03/31/2024 346 WIC 6792 Books in Stacks (Lending)

© WERC Library